000 00464nam a2200193 a 4500
001 1769488318861
003 YourLibrary
005 20260128114523.0
008 260127s2004##################000#0#eng##
020 _a9780072855357
082 0 4 _a303.6
_bPRU
100 1 _aPruitt, Dean,
_eauthor.
245 1 0 _aSocial Conflict :
260 _c2004.
300 _a340 pages
650 0 _aEducation.
942 _cENGLISH
040 _aYourLibrary
_beng
_cYourLibrary
999 _c609359
_d609359